000 00481nam a2200193Ia 4500
005 20250423100131.0
008 250422s9999 xx 000 0 und d
020 _a0-321-33433-7
050 _aQA 37.3 .L55/
100 _aMargaret L. Lial
245 0 _aMathematics With Application
250 _a9th ed.
260 _aNew York
260 _bAddison-Wesley Publishing Company
260 _c2006
300 _a915 p
650 _aMathematics With Application
942 _cBK
999 _c32383
_d32383